• 首页
  • 本馆介绍
  • 公告通知
  • 最新文献
  • 馆藏检索
  • 电子资源
  • 读者导购
  • 参考咨询
  • 我的图书馆
  • 登录
  • 详细信息显示
  • 放入我的书架
  • 预约/预借图书
  • 作者相关作品
  • 分类相关作品
  • 丛书相关作品
  • 出版社相关作品

书目信息

  • 表格格式
  • 工作单格式
  • 卡片格式
题名:
儿童经典诗文唱游
    
 
作者: ;国学编写组 编著
分册: 二  
出版信息: 上海   上海教育出版社  2017
页数: 41页
开本: 23cm
丛书名:
单 册:
中图分类: J642.6
科图分类:
主题词: 儿童歌曲--中国--现代--选集
电子资源:
ISBN: 978-7-5444-7453-5
000 00948nam0 2200217 450
001 6104
005 20180530170217.75
010    @a978-7-5444-7453-5@dCNY29.80
100    @a20170328d2017 em y0chiy0110 ea
101 0  @achi
102    @aCN@b310000
105    @ay z 000yy
200 1  @a儿童经典诗文唱游@9er tong jing dian shi wen chang you@h二@f国学编写组编著
210    @a上海@c上海教育出版社@d2017
215    @a41页@d23cm
330    @a本书收录《咏鹅》《春晓》《山村永怀》《春雨》《马诗》《清明谣》《春日》《枫桥夜泊》等经典诗文。对于孩子们来说,大自然永远是他们最亲近的朋友。热爱自然、热爱真理、拥有智慧是人们快乐生活的源泉。在本册歌曲中,通过对大自然的启蒙认知教育,引导幼儿钟爱大自然,让孩子感受自然界的美与奥妙,体验人与大自然的和谐,培养孩子对大自然的热爱。
606 0  @a儿童歌曲@y中国@z现代@j选集
690    @aJ642.6@v5
711 02 @a国学编写组@9guo xue bian xie zu@4编著
801  0 @aCN@b91CIP@c20170328
905    @aMuseLib@dJ642.6@e267:2
    
    儿童经典诗文唱游.二/国学编写组编著.-上海:上海教育出版社,2017
    41页;23cm
    
    
    ISBN 978-7-5444-7453-5:CNY29.80
    本书收录《咏鹅》《春晓》《山村永怀》《春雨》《马诗》《清明谣》《春日》《枫桥夜泊》等经典诗文。对于孩子们来说,大自然永远是他们最亲近的朋友。热爱自然、热爱真理、拥有智慧是人们快乐生活的源泉。在本册歌曲中,通过对大自然的启蒙认知教育,引导幼儿钟爱大自然,让孩子感受自然界的美与奥妙,体验人与大自然的和谐,培养孩子对大自然的热爱。
●
相关链接 在E读中查询图书 在五车中查询图书 在当当中查询图书 在豆瓣中查询图书


正题名:儿童经典诗文唱游     索取号:J642.6/267:2         预约/预借

序号 登录号 条形码 馆藏地/架位号 状态 备注
1 1115997   211159976   第一样本阅览室/ [索取号:J642.6/267:2] 在馆    
2 1115998   211159985   教育系资料室/ [索取号:J642.6/267:2] 在馆    
3 1115999   211159994   教育系资料室/ [索取号:J642.6/267:2] 在馆    
唐山师范学院图书馆 欢迎您!
大连网信软件有限公司© 版权所有